000 00329nam a22001217a 4500
008 170602b xxu||||| |||| 00| 0 eng d
041 _aeng
080 _24TH
_a94(100)
100 _a17
101 _aSHH
245 _aA HISTORY THE FAR EAST OF THE WESTERN IMPACT AND THE EASTERN RESPONSE (1830-1965)
_cCLYDE,P.H
942 _2udc
_cBK
999 _c15652
_d15652